000
00234nam a2200097Ia 4500
001
798093
005
20250826170820.0
008
250824s9999 xx 000 0 und d
245
0
_a
SİMRU
_c
KAHRAMAN TAZEOĞLU
260
_b
DESTEK YAYINLARI
999
_c
798093
_d
798093